Cargando…

The history of marriage equality in Ireland : A social revolution begins /

Tracing the campaign for marriage equality, this book highlights how this movement and the related referendum result have propelled Ireland from a country perceived as one repressed and controlled by the Catholic church to a country that is now admired as a leader in equality of human rights.

Detalles Bibliográficos
Clasificación:Libro Electrónico
Autor principal: Tiernan, Sonja (Autor)
Formato: Electrónico eBook
Idioma:Inglés
Publicado: Baltimore, Maryland : Project Muse, 2020
Colección:Book collections on Project MUSE.
Temas:
Acceso en línea:Texto completo

MARC

LEADER 00000cam a22000004a 4500
001 musev2_73971
003 MdBmJHUP
005 20230905051645.0
006 m o d
007 cr||||||||nn|n
008 200409s2020 enk o 00 0 eng d
020 |a 9781526146007 
020 |z 1526146002 
020 |z 9781526145994 
035 |a (OCoLC)1150102637 
040 |a MdBmJHUP  |c MdBmJHUP 
043 |a e-ie--- 
050 4 |a HQ1034.I73  |b T545 2020 
082 0 |a 306.8109415  |2 23 
100 1 |a Tiernan, Sonja,  |e author. 
245 1 4 |a The history of marriage equality in Ireland :   |b A social revolution begins /   |c Sonja Tiernan. 
264 1 |a Baltimore, Maryland :  |b Project Muse,  |c 2020 
264 3 |a Baltimore, Md. :  |b Project MUSE,   |c 2020 
264 4 |c ©2020 
300 |a 1 online resource (192 pages). 
336 |a text  |b txt  |2 rdacontent 
337 |a computer  |b c  |2 rdamedia 
338 |a online resource  |b cr  |2 rdacarrier 
500 |a Issued as part of book collections on Project MUSE. 
504 |a Includes bibliographical references and index. 
505 0 |a Marriage equality across the globe -- Chronology of key events surrounding the Irish marriage equality campaign -- Introduction : a social revolution begins -- Irish historical and global context -- The path to the High Court -- Civil partnership bills -- Marriage Equality : a new direction -- Political lobbying, the media and influencing public opinion -- Meeting the challenges of the twenty-first century -- Preparing for a revolution -- Yes Equality -- The campaign in action -- The final hurdles -- The referendum -- Afterword : future directions. 
506 |a Access restricted to authorized users and institutions. 
520 |a Tracing the campaign for marriage equality, this book highlights how this movement and the related referendum result have propelled Ireland from a country perceived as one repressed and controlled by the Catholic church to a country that is now admired as a leader in equality of human rights. 
588 |a Description based on print version record. 
650 0 |a Equality  |z Ireland. 
650 0 |a Same-sex marriage  |x Social aspects  |z Ireland. 
650 0 |a Same-sex marriage  |x Law and legislation  |z Ireland. 
650 0 |a Same-sex marriage  |x Government policy  |z Ireland. 
650 0 |a Same-sex marriage  |z Ireland. 
655 7 |a Electronic books.   |2 local 
710 2 |a Project Muse,  |e distributor. 
776 1 8 |i Print version:  |z 9781526145994 
710 2 |a Project Muse.  |e distributor 
830 0 |a Book collections on Project MUSE. 
856 4 0 |z Texto completo  |u https://projectmuse.uam.elogim.com/book/73971/ 
945 |a Project MUSE - Custom Collection 
945 |a Project MUSE - 2020 Complete 
945 |a Project MUSE - 2020 Political Science and Policy Studies